Hamlet /

Bibliographic Details
Main Author: Hattaway, Michael
Format: Book
Language:English
Published: Atlantic Highlands, NJ : Humanities Press International, [1987]
Series:Critics debate.
Subjects:

MARC

Tag First Indicator Second Indicator Subfields
LEADER 00000cam a2200000 a 4500
001 in00000015668
005 20151007052555.0
008 861103s1987 nju b 00110 eng
010 |a  86027555  
020 |a 0391034596 
020 |a 0391034766 (pbk.) 
035 |a (OCoLC)14716510 
035 |9 AAA8342AM 
040 |a DLC  |c DLC  |d TXA  |d UtOrBLW 
049 |a TXAM  |c [A11490477] 
050 0 0 |a PR2807  |b .H4 1987 
082 0 |a 822.3/3  |2 19 
100 1 |a Hattaway, Michael. 
245 1 0 |a Hamlet /  |c Michael Hattaway. 
264 1 |a Atlantic Highlands, NJ :  |b Humanities Press International,  |c [1987] 
264 4 |c ©1987 
300 |a 112 pages ;  |c 23 cm. 
336 |a text  |b txt  |2 rdacontent 
337 |a unmediated  |b n  |2 rdamedia 
338 |a volume  |b nc  |2 rdacarrier 
490 1 |a The Critics debate 
504 |a Bibliography: pages 102-107. 
500 |a Includes index. 
600 1 0 |a Shakespeare, William,  |d 1564-1616.  |t Hamlet. 
830 0 |a Critics debate. 
999 |a MARS 
999 f f |s 25eff60d-63f0-382e-b00a-bd4e72ce9385  |i 9f11baaa-53f2-378f-81b3-63127a54f6fc  |t 0 
952 f f |p normal  |a Texas A&M University  |b College Station  |c Sterling C. Evans Library  |d Evans: Library Stacks  |t 0  |e PR2807 .H4 1987  |h Library of Congress classification  |i unmediated -- volume  |m A14811490477 
998 f f |a PR2807 .H4 1987  |t 0  |l Evans: Library Stacks